<?xml version="1.0" encoding="UTF-8"?>
<record
    xmlns:xsi="http://www.w3.org/2001/XMLSchema-instance"
    xsi:schemaLocation="http://www.loc.gov/MARC21/slim http://www.loc.gov/standards/marcxml/schema/MARC21slim.xsd"
    xmlns="http://www.loc.gov/MARC21/slim">

  <leader>01104nam a2200193 i 4500</leader>
  <controlfield tag="001">47760</controlfield>
  <controlfield tag="003">ES-MaACL</controlfield>
  <controlfield tag="005">20251015063057.0</controlfield>
  <controlfield tag="007">t|</controlfield>
  <controlfield tag="008">030522s1879    fr           ||||1| fre d</controlfield>
  <datafield tag="100" ind1="1" ind2=" ">
    <subfield code="a">Bossuet, Jacques B&#xE9;nigne, </subfield>
    <subfield code="d">1627-1704</subfield>
    <subfield code="9">30723</subfield>
  </datafield>
  <datafield tag="245" ind1="1" ind2="0">
    <subfield code="a">Oeuvres / </subfield>
    <subfield code="c">de Bossuet.</subfield>
  </datafield>
  <datafield tag="260" ind1=" " ind2=" ">
    <subfield code="a">Paris : </subfield>
    <subfield code="b">Firmin Didot, </subfield>
    <subfield code="c">1879.</subfield>
  </datafield>
  <datafield tag="300" ind1=" " ind2=" ">
    <subfield code="a">4 v. ; </subfield>
    <subfield code="c">27 cm.</subfield>
  </datafield>
  <datafield tag="505" ind1="8" ind2=" ">
    <subfield code="a">Contiene: 1. Egloge de Bossuet: discours / par M. Saint Marc Girardin. De l'instruction de Mgr le Dauphin. Connaissance de Dieu et de soi-m&#xEA;me. Trait&#xE9; du libre arbitre. Discours sur l'histoire universelle. Politique tir&#xE9;e des propes paroles de l'ecriture sainte. D&#xE9;fense de la tradition et des saints P&#xE8;res -- 2. Oraisons fun&#xE8;bres. Sermons -- 3. Sermons. Panegyriques. Meditations sur l'evangelie -- 4. Histoire des variations des Eglises protestantes. Instruction pastorale sur les promesses de l'Eglise. El&#xE9;vation &#xE1;a Dieu sur les myst&#xE8;res. Pens&#xE9;es morales et chr&#xE9;tiennes</subfield>
  </datafield>
  <datafield tag="700" ind1="0" ind2=" ">
    <subfield code="a">Saint-Marc Girardin,</subfield>
    <subfield code="d">1801-1873</subfield>
    <subfield code="9">101538</subfield>
  </datafield>
  <datafield tag="852" ind1=" " ind2=" ">
    <subfield code="a">ES-MaACL</subfield>
    <subfield code="j">F-4009-12</subfield>
  </datafield>
  <datafield tag="999" ind1=" " ind2=" ">
    <subfield code="c">47760</subfield>
    <subfield code="d">47760</subfield>
  </datafield>
  <datafield tag="952" ind1=" " ind2=" ">
    <subfield code="0">0</subfield>
    <subfield code="1">0</subfield>
    <subfield code="4">0</subfield>
    <subfield code="7">0</subfield>
    <subfield code="8">LIBXIX</subfield>
    <subfield code="a">ATENEOM</subfield>
    <subfield code="b">ATENEOM</subfield>
    <subfield code="c">DEPO2</subfield>
    <subfield code="d">2008-01-17</subfield>
    <subfield code="e">SC</subfield>
    <subfield code="l">0</subfield>
    <subfield code="o">F-4009-12</subfield>
    <subfield code="p">1050255</subfield>
    <subfield code="r">2023-02-23 00:00:00</subfield>
    <subfield code="w">2023-02-23</subfield>
    <subfield code="y">MONANT</subfield>
  </datafield>
</record>
